000 02174nam0a2200421 4500
001 RU\NLR\bibl\224440
005 20260406103654.0
010 _a5-88812-088-X
_92000
021 _aRU
_b2001-39476
_91874
035 _a(NLR Aleph) 000220471
090 _a1281374
_c1281374
100 _a20020108d2001 u y0rusy50 ca
101 0 _arus
102 _aRU
105 _ac |||||||||
200 1 _aД.С. Мережковский: pro et contra
_eЛичность и творчество Д. Мережковского в оценке современников
_eАнтол.
_f[Сев.-Зап. отд-ние Рос. акад. образования, Рус. христиан. гуманит. ин-т
_gСост. А.Н. Николюкин
_gОтв. ред. Д.К. Бурлака]
210 _aСПб.
_cИзд-во Рус. христиан. гуманит. ин-та
_d2001
215 _a568 с.
_cпортр.
_d21
225 1 _aСерия "Русский путь"
_fРедкол.: Д.К. Бурлака (пред.) и др.
320 _aБиблиогр. в примеч.: с. 539-559
600 1 _aМережковский
_bД.С.
_f1866 - 1941
_gДмитрий Сергеевич
_jСборники
_91604172
_3RU\NLR\auth\66706350
600 1 _aМережковский
_bДмитрий Сергеевич
606 0 _aРусская литература, 19-20 вв.
606 0 _aРелигиозная философия русская, 19-20 вв.
675 _a821.161.1.09
_v3
_zrus
686 _a17
_2rugasnti
686 _a83.3(2Рос=Рус)6
_2rubbk
686 _aШ5(2=Р)53-4Мережковский
702 1 _4220
_7ca
_8rus
_aНиколюкин
_bА. Н.
_f1928-
_gАлександр Николаевич
_9165320
_3RU\NLR\AUTH\770165365
702 1 _aБурлака
_bД. К.
_4340
712 0 2 _4570
_aРусский Христианский гуманитарный институт
_cСанкт-Петербург
_3RU\NLR\AUTH\881679
_9273757
801 0 _aRU
_bRKP
_c20020108
_gPSBO
801 1 _aRU
_bRKP
_c20020108
801 2 _aRU
_bNLR
_c20020207
_grcr
942 _cBOOK
980 _aNB